Finishing the task : The unreached peoples challenge (Registro nro. 60363)
[ vista simple ]
| 000 -LÍDER | |
|---|---|
| Campo fijo de descripción fija | 003360000a22001210004500 |
| 100 1# - ASIENTO PRINCIPAL--NOMBRE PERSONAL | |
| Nombre personal | Winter, Ralph D. |
| 245 10 - TÍTULO | |
| Título del Material | Finishing the task : The unreached peoples challenge |
| 300 ## - DESCRIPCIÓN FÍSICA | |
| Extensión | Vol.22, núm.3 (June, 2000), Páginas 22-26 |
| 500 ## - NOTA GENERAL | |
| Nota General | Continued on page 31 |
| 700 1# - ASIENTO SECUNDARIO - NOMBRE PERSONAL | |
| Nombre personal | Koch, Bruce |
| 773 0# - HOST ITEM ENTRY | |
| Title | Mission Frontiers |
| 942 ## - TIPO DE MATERIAL (KOHA) | |
| Tipo de Item KOHA | Artículos de Revista |
| Estado de Material | Estado de Perdido | Estado de Dañado | No para Préstamo | Colección | Biblioteca de Origen | Biblioteca Permanente | Fecha de Adquisición | Total de Préstamos | Signatura Topográfica | Última vez visto | Fecha de Remplazo | Tipo de Material |
|---|---|---|---|---|---|---|---|---|---|---|---|---|
| Colección de Hemeroteca | Biblioteca FUSBC | Biblioteca FUSBC | 26/01/2016 | 26/01/2016 | 26/01/2016 | Artículos de Revista |
